| 000 | 00415pab a2200181 454500 | ||
|---|---|---|---|
| 008 | 180718b1996 xxu||||| |||| 00| 0 eng d | ||
| 100 | _aLateef, Shahida | ||
| 245 | _aThe communal agenda | ||
| 260 | _c1996 | ||
| 300 | _ap.23-29 | ||
| 362 | _aMay | ||
| 650 | _aIslam - India | ||
| 650 | _aMuslim women - India | ||
| 650 | _aCivil law - India | ||
| 650 | _aCommunalism | ||
| 773 | _aSeminar | ||
| 909 | _a31502 | ||
| 999 |
_c31502 _d31502 |
||